01260nam a22002897a 450000500170000000800410001704000270005804100080008504400070009308200170010011000510011724500920016826000740026030000400033450500820037450500490045650500670050550500660057250500750063850500510071350500710076450500590083565000100089465000200090465000230092465000230094720191224042307.0160729b xxu||||| |||| 00| 0 spa d aCO-BoIAVH cCO-BoIAVH  aspa ack a333.95bS19i aSubsistema de áreas Marinas Protegidas(SAMP)1 aIndicadores de Monitoreo Biológico del Subsistema de Áreas Marinas Protegidas(SAMP) aSanta Martha:bSubsistema de áreas Marinas Protegidas(SAMP),c2014. a24 PaginascObra completa 8 Guías aProtocolo Indicador: Densidad Poblaciónal de Pez León (pterois volitans) aProtocolo Indicador: Riqueza Aves Acuaticas aProtocolo Indicador: Condición tendencia Bosques de Manglar aProtocolo Indicador: Condición Tendencia Áreas Coralinas aProtocolo Indicador: Condición tendencia Praderas de Pastos Marinas  aProtocolo Indicador: Calidad Ambiental de Agua aProtocolo Indicador: Variación Linea de Costa: Perfiles de Playa aProtocolo Indicador: Uso de Recursos Hidrobiológicos14aFauna14aRecurso Hidrico14aBosques de Manglar14aRecursos Naturales